000 01395cam a22003497a 4500
003 CHAP
005 20220329143029.0
008 050919s2004 es r 00110 spa d
010 _a90930
011 _a91902
020 _a8484761940
035 _a102465
040 _cCHAP
082 0 4 _a632.95
_bR43
100 0 0 _aRegnault Roger, Catherine
_ecoord.
_995703
245 1 0 _aBiopesticidas de origen vegetal
_c/coord. por Catherine Regnault-Roger, Bernard J.R. Philogene y Charles Vincent
260 _aMadrid :
_bMundi-Prensa,
_c2004
300 _axxviii, 337 p.
590 _aBATCH-UPD
_b10
_c20130110
_lUCH01
_h0404
590 _aCONVERSION
_b10
_c20130109
_lUCH01
_h1350
650 1 4 _aPesticidas de origen vegetal.
_987574
700 0 _aPhilogene, Bernard J.R.
_ecoord.
_987849
700 0 _aVincent, Charles
_ecoord.
_9119827
901 _aBK
905 _aLilia
942 _cLIBRO
949 _a632.95 R43
_bBC
_cLIBRO
_d33724000958096
_eLIBRO
_gI.225341
_h106904
_i102465
_si
_t$796.00
949 _a632.95 R43
_bBC
_cLIBRO
_d33724000971305
_eLIBRO
_fc.2
_gI.223593
_h106923
_i102465
_si
_t$796.00
949 _a632.95 R43
_bBC
_cLIBRO
_d33724000971362
_eLIBRO
_fc.3
_gI.223594
_h106922
_i102465
_si
_t$796.00
949 _a632.95 R43
_bBC
_cLIBRO
_d33724002048975
_eLIBRO
_fc.5
_gI.c/e
_h109078
_i102465
_si
_t$796.00
949 _a632.95 R43
_bBC
_cLIBRO
_d33724002049017
_eLIBRO
_fc.4
_gI.c/e
_h109077
_i102465
_si
_t$796.00
999 _c90930
_d90930